| 000 | 00713nam a2200217 a 4500 | ||
|---|---|---|---|
| 003 | MX-MxUPN | ||
| 005 | 20220601081122.0 | ||
| 008 | 220404s1951 mx a||||r|||| 000 0 spa d | ||
| 040 |
_aMX-MxUPN _bspa _cMX-MxUPN |
||
| 041 | 0 | _aspa | |
| 050 | 4 |
_aLB1585 M6.3 _bL4.3 1951 |
|
| 100 | 1 |
_aLeal, Mario _928969 |
|
| 245 | 1 | 0 |
_aCiencias físicas y naturales : _bprimer libro para 3o y 4o años de enseñanza primaria / _cMario Leal. |
| 250 | _aOctava edición. | ||
| 260 |
_aMéxico, D.F. : _bProgreso, _c1951. |
||
| 300 |
_a232 páginas : _bilustraciones. |
||
| 650 | 4 |
_aCiencias naturales _xEstudio y enseñanza (Elemental) |
|
| 650 | 4 |
_aCiencias naturales _vLibros de texto |
|
| 905 | _aLibro | ||
| 942 |
_2lcc _cLIBRO |
||
| 999 |
_c208361 _d208361 |
||